Oldest Cities by Country - Statistics

General Stats
  • This quiz has been taken 18 times
  • The average score is 16 of 30
Answer Stats
Hint Answer % Correct
São Vicente Brazil
89%
Marseille France
89%
Xian China
83%
Fez Morocco
83%
Gyeongju South Korea
83%
Plovdiv Bulgaria
78%
Nakhon Pathom Thailand
78%
Waterford Ireland
72%
Paramaribo Suriname
72%
Szombathely Hungary
67%
Turku Finland
61%
Varanasi India
61%
Nara Japan
61%
Trier Germany
56%
Braga Portugal
56%
Enns Austria
50%
St. John's Canada
50%
St. Joseph Trinidad and Tobago
50%
St. Augustine United States of America
50%
Karakorum Mongolia
44%
Nizwa Oman
44%
Ludza Latvia
39%
Santiago del Estero Argentina
33%
Mtskheta Georgia
33%
Baracoa Cuba
28%
New Amsterdam Guyana
28%
Chur Switzerland
28%
Derbent Russia
17%
Sigtuna Sweden
17%
Ribe Denmark
11%
No matching quizzes found
Score Distribution
Percent of People with Each Score
Percentile by Number Answered
Your Score History
You have not taken this quiz